KPOP GROUP start with letter "O" (2026update) - Statistics

General Stats
  • This quiz has been taken 67 times
    2 since last reset
  • The average score is 3 of 9
Answer Stats
Answer % Correct
M ONEUS
100%
F OH MY GIRL
50%
M ONF
50%
M OnlyOneOf
50%
F ODD YOUTH
0%
M OMEGA X
0%
M ONE PACT
0%
M ONEWE
0%
F OWIS
0%
No matching quizzes found
Score Distribution
Percent of People with Each Score
Percentile by Number Answered
Your Score History
You have not taken this quiz since the last reset